[Event "Casablanca Mohammed op 4th"]
[Site "Casablanca"]
[Date "2023.08.14"]
[Round "1"]
[White "Hernandez Moya, Yuleisis"]
[Black "Basso, Pier Luigi"]
[Result "0-1"]
[WhiteElo "2197"]
[BlackElo "2496"]
[PlyCount "124"]
[EventDate "2023.08.14"]
[EventType "swiss"]
[EventRounds "9"]
[EventCountry "MAR"]
[SourceTitle "CBM 215 Extra"]
[Source "ChessBase"]
[SourceDate "2023.09.30"]
[SourceVersion "1"]
[SourceVersionDate "2023.09.30"]
[SourceQuality "1"]

1. e4 e5 2. Nf3 Nc6 3. Bc4 Nf6 4. d3 h6 5. c3 d6 6. h3 g5 7. Nbd2 Bg7 8. Nf1 Be6 9. Bb3 d5 10. Ng3 0-0 11. Qe2 a5 12. Nh2 a4 13. Bc2 Qd7 14. a3 Ne7 15. 0-0 Ng6 16. Nh5 Nxh5 17. Qxh5 dxe4 18. dxe4 Bc4 19. Rd1 Qe6 20. Ng4 Nf4 21. Bxf4 gxf4 22. Rd2 Qg6 23. Qxg6 fxg6 24. Rd7 Rf7 25. Rad1 Be6 26. Rd8+ Rf8 27. Rxa8 Rxa8 28. Kf1 Kf7 29. Ke2 Ke7 30. f3 h5 31. Nf2 Kf6 32. Nd3 Bf8 33. Nb4 Kg5 34. Nd5 Bd6 35. Bd3 Kh4 36. Kf1 Kg3 37. Be2 g5 38. c4 Rf8 39. c5 Bxc5 40. Nxc7 Bb3 41. Rd7 Bd4 42. Nb5 Rc8 43. Rc7 Rxc7 44. Nxc7 Bxb2 45. Nb5 Bc2 46. Bc4 Bd1 47. Bd3 g4 48. hxg4 hxg4 49. fxg4 Bxg4 50. Bc2 Bd7 51. Bd3 Be6 52. Be2 Bb3 53. Bd3 b6 54. Kg1 f3 55. gxf3 Kxf3 56. Bb1 Ke3 57. Kg2 Bc4 58. Nd6 Bd3 59. Bxd3 Kxd3 60. Nc8 b5 61. Nd6 Bxa3 62. Nxb5 Bb2 0-1

[Event "Capablanca Memorial Premier 55th"]
[Site "Havana"]
[Date "2022.04.23"]
[Round "5"]
[White "Cori Tello, Deysi Estella"]
[Black "Hernandez Moya, Yuleisis"]
[Result "1-0"]
[WhiteElo "2391"]
[BlackElo "2219"]
[PlyCount "63"]
[EventDate "2022.04.19"]
[EventType "tourn"]
[EventRounds "9"]
[EventCountry "CUB"]
[EventCategory "4"]
[SourceTitle "CBM 208 Extra"]
[Source "ChessBase"]
[SourceDate "2022.07.31"]
[SourceVersion "1"]
[SourceVersionDate "2022.07.31"]
[SourceQuality "1"]

1. c4 c5 2. Nf3 g6 3. e3 Bg7 4. Nc3 Nf6 5. d4 cxd4 6. exd4 d5 7. Bg5 dxc4 8. Bxc4 0-0 9. 0-0 Nc6 10. d5 Na5 11. Be2 b6 12. Rc1 Bg4 13. b4 Nb7 14. Ne5 Bxe2 15. Qxe2 h6 16. Bh4 Nd6 17. Nc6 Qd7 18. Qxe7 Qxe7 19. Nxe7+ Kh7 20. Bg3 Nfe4 21. Nxe4 Nxe4 22. Rc7 Rfd8 23. Re1 Nxg3 24. hxg3 Bf8 25. Re3 Kg7 26. Rf3 Rd6 27. Nc8 Rf6 28. Rxf6 Kxf6 29. d6 Ke6 30. d7 Be7 31. Nxe7 Kxe7 32. Rc8 1-0

[Event "Braganca op 2nd"]
[Site "Braganca"]
[Date "2021.08.20"]
[Round "2"]
[White "Hernandez Moya, Yuleisis"]
[Black "Grigoryan, Karen H"]
[Result "0-1"]
[WhiteElo "2262"]
[BlackElo "2658"]
[PlyCount "90"]
[EventDate "2021.08.19"]
[EventType "swiss"]
[EventRounds "9"]
[EventCountry "POR"]
[SourceTitle "CBM 204 Extra"]
[Source "ChessBase"]
[SourceDate "2021.11.30"]
[SourceVersion "1"]
[SourceVersionDate "2021.11.30"]
[SourceQuality "1"]

1. e4 e5 2. Nf3 Nc6 3. Bb5 a6 4. Ba4 Nf6 5. 0-0 Be7 6. Re1 b5 7. Bb3 d6 8. c3 0-0 9. h3 Na5 10. Bc2 c5 11. d4 Qc7 12. Nbd2 cxd4 13. cxd4 Bd7 14. Nf1 Rac8 15. Bd3 Nc6 16. d5 Nb4 17. Ng3 Nxd3 18. Qxd3 Qc2 19. Qxc2 Rxc2 20. Rb1 Rfc8 21. Bd2 Bd8 22. Re2 Bb6 23. Ne1 R2c7 24. Be3 Bxe3 25. Rxe3 Rc1 26. Rxc1 Rxc1 27. f3 b4 28. Kf2 Bb5 29. a3 Rb1 30. axb4 Rxb2+ 31. Kg1 g6 32. Rc3 Rxb4 33. Kf2 Nd7 34. Nd3 Rb1 35. Ne2 f5 36. Nec1 Nf6 37. Rc8+ Kf7 38. Ke3 Ra1 39. g4 Ra4 40. Rc7+ Ke8 41. g5 fxe4 42. gxf6 exd3 43. Rxh7 Rf4 44. Re7+ Kf8 45. Re6 Rxf3+ 0-1

[Event "CUB-ch (Women)"]
[Site "Holguin"]
[Date "2020.02.08"]
[Round "10"]
[White "Hernandez Moya, Yuleisis"]
[Black "Hernandez Gil, Ineymig"]
[Result "1/2-1/2"]
[WhiteElo "2209"]
[BlackElo "2245"]
[PlyCount "79"]
[EventDate "2020.01.29"]
[EventType "tourn"]
[EventRounds "11"]
[EventCountry "CUB"]
[SourceTitle "CBM 195 Extra"]
[Source "ChessBase"]
[SourceDate "2020.05.31"]
[SourceVersion "1"]
[SourceVersionDate "2020.05.31"]
[SourceQuality "1"]

1. Nf3 d5 2. c4 dxc4 3. Qc2 Nc6 4. Na3 Nf6 5. Nxc4 g6 6. g3 Bg7 7. Bg2 0-0 8. d3 Bg4 9. Nce5 Nxe5 10. Nxe5 c6 11. Nxg4 Nxg4 12. h3 Nf6 13. 0-0 Qd7 14. Bd2 Nd5 15. Rab1 Rfd8 16. b4 Rac8 17. Rfc1 Qe6 18. e3 Qd6 19. d4 e6 20. b5 Qd7 21. Qb3 cxb5 22. Rxc8 Rxc8 23. Bxd5 exd5 24. Qxb5 Rc7 25. Qxd7 Rxd7 26. Rc1 f5 27. Kf1 Bf8 28. Ke2 Kf7 29. Kd3 Bd6 30. g4 Rc7 31. Rb1 Ke6 32. f3 b6 33. gxf5+ gxf5 34. Rg1 b5 35. Rg8 b4 36. Rb8 Rg7 37. Re8+ Kf6 38. Rd8 Ke6 39. Re8+ Kf6 40. Rd8 1/2-1/2

[Event "CUB-ch (Women)"]
[Site "Holguin"]
[Date "2020.02.07"]
[Round "9"]
[White "Arribas Robaina, Maritza"]
[Black "Hernandez Moya, Yuleisis"]
[Result "1-0"]
[WhiteElo "2208"]
[BlackElo "2209"]
[PlyCount "111"]
[EventDate "2020.01.29"]
[EventType "tourn"]
[EventRounds "11"]
[EventCountry "CUB"]
[SourceTitle "CBM 195 Extra"]
[Source "ChessBase"]
[SourceDate "2020.05.31"]
[SourceVersion "1"]
[SourceVersionDate "2020.05.31"]
[SourceQuality "1"]

1. e4 e6 2. d4 d5 3. e5 c5 4. c3 Nc6 5. Nf3 Qb6 6. a3 c4 7. Nbd2 Na5 8. Be2 Bd7 9. 0-0 Ne7 10. Rb1 Qc7 11. Ng5 h6 12. Nh3 Nc8 13. Qe1 Ba4 14. Bd1 Bxd1 15. Qxd1 Nb6 16. Nf4 0-0-0 17. Re1 Be7 18. Nf1 Nb3 19. Be3 Rdg8 20. Nd2 Nxd2 21. Bxd2 g6 22. a4 Bg5 23. a5 Nd7 24. Qa4 Bxf4 25. Bxf4 f5 26. b3 g5 27. Bc1 cxb3 28. Rxb3 Nb8 29. Ba3 Qc6 30. Rb5 Na6 31. Bd6 Rh7 32. Qb3 Rgg7 33. Rc1 Qc4 34. Qxc4+ dxc4 35. d5 Rg6 36. Rd1 Rd7 37. Rd4 Kd8 38. f4 exd5 39. Rbxd5 Ke8 40. fxg5 hxg5 41. Rxc4 Kf7 42. Rc8 Re6 43. Rd4 Re8 44. Rxe8 Kxe8 45. h4 g4 46. e6 Rh7 47. Rc4 Kd8 48. g3 b6 49. axb6 axb6 50. Kf2 Nc5 51. Bxc5 bxc5 52. Rxc5 Rh5 53. Re5 Ke7 54. Ke3 Rh8 55. Kf4 Rc8 56. Kxf5 1-0

[Event "CAN-ch International"]
[Site "Longueuil"]
[Date "2019.10.13"]
[Round "4"]
[White "Perez, Luis"]
[Black "Hernandez Moya, Yuleisis"]
[Result "1/2-1/2"]
[WhiteElo "2100"]
[BlackElo "2173"]
[PlyCount "37"]
[EventDate "2019.10.11"]
[EventType "swiss"]
[EventRounds "5"]
[EventCountry "CAN"]
[SourceTitle "CBM 192 Extra"]
[Source "Chessbase"]
[SourceDate "2019.11.06"]
[SourceVersion "1"]
[SourceVersionDate "2019.11.06"]
[SourceQuality "1"]

1. e4 e6 2. d4 d5 3. exd5 exd5 4. Nf3 Bd6 5. Bd3 Nf6 6. 0-0 0-0 7. h3 h6 8. Ne5 c5 9. c3 Nc6 10. Nxc6 bxc6 11. dxc5 Bxc5 12. Bf4 Bd6 13. Bxd6 Qxd6 14. Nd2 Bd7 15. Qf3 Rfe8 16. Rfe1 Rxe1+ 17. Rxe1 Re8 18. Rxe8+ Bxe8 19. Qe3 1/2-1/2

[Event "CAN-ch International"]
[Site "Longueuil"]
[Date "2019.10.12"]
[Round "2"]
[White "Leon Valdes, Jony Wilson"]
[Black "Hernandez Moya, Yuleisis"]
[Result "1-0"]
[WhiteElo "2393"]
[BlackElo "2173"]
[PlyCount "51"]
[EventDate "2019.10.11"]
[EventType "swiss"]
[EventRounds "5"]
[EventCountry "CAN"]
[SourceTitle "CBM 192 Extra"]
[Source "Chessbase"]
[SourceDate "2019.11.06"]
[SourceVersion "1"]
[SourceVersionDate "2019.11.06"]
[SourceQuality "1"]

1. d4 f5 2. c4 Nf6 3. Nc3 g6 4. f3 d6 5. e4 Bg7 6. exf5 Bxf5 7. Bd3 e5 8. Bxf5 gxf5 9. dxe5 dxe5 10. Qxd8+ Kxd8 11. Bg5 c6 12. Nge2 Ke7 13. f4 exf4 14. 0-0 Kf7 15. Rxf4 Kg6 16. Bh4 Nh5 17. Rf3 Nd7 18. Rd1 Ne5 19. Nf4+ Nxf4 20. Rxf4 Rhf8 21. Rd6+ Kf7 22. Ne4 Kg8 23. Nf6+ Kh8 24. Rxf5 Nxc4 25. Rh5 h6 26. Rd7 1-0

[Event "US Masters op"]
[Site "Greensboro"]
[Date "2019.08.22"]
[Round "2"]
[White "Yan, Benjamin"]
[Black "Hernandez Moya, Yuleisis"]
[Result "1/2-1/2"]
[WhiteElo "1952"]
[BlackElo "2199"]
[PlyCount "60"]
[EventDate "2019.08.21"]
[EventType "swiss"]
[EventRounds "9"]
[EventCountry "USA"]
[SourceTitle "EXT 2020"]
[Source "ChessBase"]
[SourceDate "2019.10.17"]
[SourceVersion "1"]
[SourceVersionDate "2019.10.17"]
[SourceQuality "1"]

1. d4 f5 2. c4 Nf6 3. g3 g6 4. Bg2 Bg7 5. Nc3 d6 6. Nf3 c6 7. 0-0 0-0 8. Bd2 Qc7 9. d5 e5 10. dxe6 Na6 11. Bf4 Ne8 12. Rc1 Nc5 13. Qd2 Nxe6 14. Bh6 Bxh6 15. Qxh6 Qg7 16. Qd2 Bd7 17. e4 f4 18. e5 dxe5 19. Rfe1 Rd8 20. Nxe5 Bc8 21. Qc2 Nd4 22. Qa4 Rf5 23. Nd3 fxg3 24. hxg3 Nf3+ 25. Bxf3 Rxf3 26. Rcd1 Rf8 27. Nc5 Qf7 28. N5e4 Rxd1 29. Nxd1 a6 30. Qb4 Qf3 1/2-1/2

[Event "US Masters op"]
[Site "Greensboro"]
[Date "2019.08.21"]
[Round "1"]
[White "Hernandez Moya, Yuleisis"]
[Black "Ortiz Suarez, Isan Reynaldo"]
[Result "0-1"]
[WhiteElo "2199"]
[BlackElo "2551"]
[PlyCount "68"]
[EventDate "2019.08.21"]
[EventType "swiss"]
[EventRounds "9"]
[EventCountry "USA"]
[SourceTitle "EXT 2020"]
[Source "ChessBase"]
[SourceDate "2019.10.17"]
[SourceVersion "1"]
[SourceVersionDate "2019.10.17"]
[SourceQuality "1"]

1. e4 c5 2. Nf3 e6 3. d4 cxd4 4. Nxd4 Nf6 5. Nc3 d6 6. Be3 a6 7. Be2 Qc7 8. f4 Be7 9. 0-0 b5 10. a3 Bb7 11. Bf3 Nbd7 12. Qe1 0-0 13. Qg3 Nc5 14. e5 Nfe4 15. Nxe4 Nxe4 16. Bxe4 Bxe4 17. c3 Kh8 18. Rae1 Rad8 19. f5 exf5 20. Nxf5 Bxf5 21. Rxf5 dxe5 22. Qf2 f6 23. Kh1 Rd3 24. Bb6 Qd7 25. Rexe5 Rd1+ 26. Re1 Rxe1+ 27. Qxe1 Qxf5 28. Qxe7 Rg8 29. Qe2 Qd7 30. h3 Re8 31. Qf3 h6 32. Bd4 Re1+ 33. Kh2 Qd6+ 34. Qg3 Rh1+ 0-1

[Event "Berkeley Summer IM"]
[Site "Berkeley"]
[Date "2019.08.17"]
[Round "2"]
[White "Hernandez Moya, Yuleisis"]
[Black "Matras Clement, Agnieszka"]
[Result "1/2-1/2"]
[WhiteElo "2199"]
[BlackElo "2260"]
[PlyCount "132"]
[EventDate "2019.08.16"]
[EventType "tourn"]
[EventRounds "9"]
[EventCountry "USA"]
[SourceTitle "EXT 2020"]
[Source "ChessBase"]
[SourceDate "2019.10.17"]
[SourceVersion "1"]
[SourceVersionDate "2019.10.17"]
[SourceQuality "1"]

1. e4 c6 2. d4 d5 3. exd5 cxd5 4. Nf3 Nf6 5. Bd3 Nc6 6. c3 Bg4 7. h3 Bh5 8. Nbd2 e6 9. Nf1 Bd6 10. Ng3 Bg6 11. Qe2 Bxd3 12. Qxd3 Qc7 13. Ne2 Ne4 14. 0-0 0-0 15. Ng5 Nxg5 16. Bxg5 a6 17. Qf3 b5 18. Bf4 Rac8 19. Bxd6 Qxd6 20. Nf4 b4 21. Rfe1 Rc7 22. Re3 bxc3 23. bxc3 Ne7 24. Qg4 Rfc8 25. Rae1 Ng6 26. Ne2 f5 27. Qg5 f4 28. Rd3 Rf7 29. h4 Rf5 30. Qg4 Rcf8 31. h5 Ne7 32. Nc1 h6 33. Rf3 R8f6 34. Nd3 Rg5 35. Qh4 Nf5 36. Qxf4 Qf8 37. Qh2 Qf7 38. Ne5 Qxh5 39. Qxh5 Rxh5 40. g4 Rg5 41. Kf1 Nd6 42. Rxf6 gxf6 43. Nd7 Kf7 44. f3 a5 45. Kf2 h5 46. Nc5 e5 47. dxe5 fxe5 48. Rd1 hxg4 49. Rxd5 g3+ 50. Kg1 Nc4 51. Ne4 Rg6 52. Rc5 Nd6 53. Rxe5 Nxe4 54. Rxe4 Rc6 55. c4 Rb6 56. Re2 Rb1+ 57. Kg2 Rc1 58. Kxg3 Rxc4 59. Re5 Ra4 60. Re2 Kf6 61. Rc2 Ke5 62. Rf2 Kf5 63. Rh2 Kg5 64. Rb2 Kf5 65. Rb5+ Kf6 66. Rb2 Kf5 1/2-1/2

[Event "CUB-ch (Women)"]
[Site "Holguin"]
[Date "2018.02.09"]
[Round "11"]
[White "Hernandez Moya, Yuleisis"]
[Black "Linares Napoles, Oleiny"]
[Result "1-0"]
[WhiteElo "2220"]
[BlackElo "2274"]
[PlyCount "103"]
[EventDate "2018.01.29"]
[EventType "tourn"]
[EventRounds "11"]
[EventCountry "CUB"]
[SourceTitle "CBM 182 Extra"]
[Source "ChessBase"]
[SourceDate "2018.02.23"]
[SourceVersion "1"]
[SourceVersionDate "2018.02.23"]
[SourceQuality "1"]

1. e4 c5 2. Nf3 e6 3. d4 cxd4 4. Nxd4 a6 5. c4 Nf6 6. Nc3 Bb4 7. Qd3 Qc7 8. Nc2 Be7 9. Be2 b6 10. f4 d6 11. Bf3 Bb7 12. 0-0 Nbd7 13. Bd2 h5 14. Rae1 0-0-0 15. b4 g5 16. fxg5 Ne5 17. Qe2 Nfg4 18. h3 Nxf3+ 19. gxf3 Ne5 20. Nd4 Kb8 21. Rc1 Rhg8 22. f4 Nxc4 23. Ncb5 axb5 24. Nxb5 Qd7 25. Rxc4 Rc8 26. Rfc1 Rxc4 27. Rxc4 Bd8 28. Qd3 f6 29. Qxd6+ Qxd6 30. Nxd6 fxg5 31. fxg5 Bxg5 32. Bxg5 Rxg5+ 33. Kf2 Rg8 34. Nxb7 Kxb7 35. b5 e5 36. Rc6 Rf8+ 37. Ke3 Ra8 38. Re6 Rxa2 39. Rxe5 Ra3+ 40. Kd4 Rxh3 41. Re7+ Kc8 42. Rh7 h4 43. Kd5 Rc3 44. Kd6 Rc5 45. e5 Rxb5 46. e6 Rg5 47. Rh8+ Kb7 48. e7 Rg1 49. e8Q Rd1+ 50. Ke5 Re1+ 51. Kd4 Rxe8 52. Rxe8 1-0

[Event "Avoine op 32nd"]
[Site "Avoine"]
[Date "2017.07.27"]
[Round "6"]
[White "Cau, Benjamin"]
[Black "Hernandez Moya, Yuleisis"]
[Result "0-1"]
[WhiteElo "2098"]
[BlackElo "2256"]
[PlyCount "80"]
[EventDate "2017.07.22"]
[EventType "swiss"]
[EventRounds "9"]
[EventCountry "FRA"]
[SourceTitle "CBM 179 Extra"]
[Source "ChessBase"]
[SourceDate "2017.08.23"]
[SourceVersion "1"]
[SourceVersionDate "2017.08.23"]
[SourceQuality "1"]

1. e4 c5 2. Nf3 e6 3. d4 cxd4 4. Nxd4 a6 5. c4 Nf6 6. Nc3 Bb4 7. Bd3 Qc7 8. 0-0 Nc6 9. Nxc6 dxc6 10. f4 e5 11. f5 Bc5+ 12. Kh1 0-0 13. g4 Rd8 14. g5 Nd7 15. Qh5 Nf8 16. Rf3 Bd7 17. Bd2 Be8 18. f6 Rd7 19. Na4 Bd4 20. c5 Rad8 21. fxg7 Kxg7 22. Qh6+ Kg8 23. g6 Nxg6 24. Bg5 f5 25. Bf6 fxe4 26. Bc4+ Rd5 27. Bxd8 Qxd8 28. Rh3 Qe7 29. Nb6 Nf4 30. Rg3+ Bg6 31. h4 Bxc5 32. Nxd5 cxd5 33. Bb3 Kf7 34. Rf1 Ke8 35. Qg5 e3 36. Qxe7+ Kxe7 37. Rg5 Kd6 38. Re1 e2 39. h5 Be4+ 40. Kh2 Bf2 0-1

[Event "Avoine op 32nd"]
[Site "Avoine"]
[Date "2017.07.23"]
[Round "2"]
[White "Doyen, Remi"]
[Black "Hernandez Moya, Yuleisis"]
[Result "1-0"]
[WhiteElo "2135"]
[BlackElo "2256"]
[PlyCount "107"]
[EventDate "2017.07.22"]
[EventType "swiss"]
[EventRounds "9"]
[EventCountry "FRA"]
[SourceTitle "CBM 179 Extra"]
[Source "ChessBase"]
[SourceDate "2017.08.23"]
[SourceVersion "1"]
[SourceVersionDate "2017.08.23"]
[SourceQuality "1"]

1. e4 c5 2. Nc3 Nc6 3. Nf3 e6 4. d4 cxd4 5. Nxd4 Qc7 6. f4 a6 7. Nxc6 Qxc6 8. Bd3 Nf6 9. Qe2 Bb4 10. Bd2 0-0 11. e5 Ne8 12. 0-0-0 d5 13. Qh5 f5 14. g4 Bd7 15. gxf5 exf5 16. Rhg1 Rf7 17. Ne2 Bc5 18. Rg3 Rc8 19. Kb1 Be6 20. Be3 Bxe3 21. Rxe3 g6 22. Qg5 Qa4 23. b3 Qb4 24. h4 Ng7 25. Rh3 Nh5 26. c3 Qa3 27. Rg1 Rg7 28. Bc2 Qc5 29. Nd4 Re8 30. Bd1 Qf8 31. Bxh5 gxh5 32. Qxg7+ Qxg7 33. Rxg7+ Kxg7 34. Rg3+ Kf7 35. Rg5 h6 36. Rg3 Bd7 37. Kc2 Rc8 38. a4 b5 39. axb5 axb5 40. b4 Ra8 41. Kb2 Rc8 42. Rg1 Ra8 43. Ra1 Rxa1 44. Kxa1 Ke7 45. Kb2 Kd8 46. Kc2 Kc7 47. Kd3 Kb6 48. Nc2 Kc6 49. Kd4 Bc8 50. Ne3 Be6 51. Nf1 Bf7 52. e6 Bxe6 53. Ke5 Bg8 54. Ne3 1-0

[Event "Barbera del Valles op 40th"]
[Site "Barbera del Valles"]
[Date "2017.07.08"]
[Round "5"]
[White "Fernandez Aguilar, Francisco"]
[Black "Hernandez Moya, Yuleisis"]
[Result "0-1"]
[WhiteElo "2066"]
[BlackElo "2256"]
[PlyCount "52"]
[EventDate "2017.07.04"]
[EventType "swiss"]
[EventRounds "9"]
[EventCountry "ESP"]
[SourceTitle "EXT 2018"]
[Source "ChessBase"]
[SourceDate "2017.10.13"]
[SourceVersion "1"]
[SourceVersionDate "2017.10.13"]
[SourceQuality "1"]

1. d4 f5 2. Nf3 Nf6 3. Bg5 Ne4 4. Bf4 d6 5. Nbd2 Nd7 6. Nxe4 fxe4 7. Nd2 Nf6 8. e3 Bf5 9. Be2 Qd7 10. c4 h6 11. Bg3 0-0-0 12. b4 g5 13. b5 h5 14. h4 gxh4 15. Bxh4 Bh6 16. Bxf6 exf6 17. Qa4 Kb8 18. Nb3 Rdg8 19. Na5 Qg7 20. Rg1 Kc8 21. Nb3 Kb8 22. d5 h4 23. Kd2 Bd7 24. Nd4 f5 25. Rab1 Qxd4+ 26. Kc2 Qc5 0-1